000 00595nam a2200229Ia 4500
003 OSt
005 20220924133143.0
006 a|||||r|||| 00| 0
007 ta
008 220923b |||||||| |||| 00| 0 san d
024 _a258308
037 _cTextual
040 _aARTS
_cARTS
_bsan
041 _2san
_asan
082 _aO15:gx8,1, L0
100 _aVenkatanathacharya N. S. Ed.
_9205749
245 0 _aMandalabrahmanopanishad
260 _c1970
300 _a100p.
_ccm.
942 _hO15:gx8,1, L0
_cTEXL
_2CC
999 _c432758
_d432758